|
|
|
|
| LEADER |
00000nam a2200000 a 4500 |
| 001 |
vtls008181824 |
| 003 |
SK-MaSNL |
| 005 |
20260301185341.0 |
| 008 |
240314 000 0 eng |
| 040 |
|
|
|a SNK
|b slo
|c SNK
|e AACR2
|
| 041 |
0 |
|
|a eng
|
| 100 |
1 |
|
|a Kábrt, Jan,
|d 1910-2006
|4 aut
|9 118655
|
| 245 |
1 |
0 |
|a Úvod do německé lékařské terminologie
|
| 250 |
|
|
|a 2. preprac. vyd.
|
| 260 |
|
|
|a Praha
|b Státní pedagogické nakladatelství
|c 1972
|
| 300 |
|
|
|a 153 s.
|
| 999 |
|
|
|c 863613
|d 865543
|
| 952 |
|
|
|a SNK
|b SNK
|y VYP
|7 0
|p 17A0473650
|o snkIB 28139
|i snkKIP 1026/73
|3 rekatalogizácia
|0 0
|1 0
|4 0
|d 2005-06-29
|l 0
|r 2026-02-24 05:19:18
|w 2026-02-24
|